Normal view
MARC view
- Fertig, Robert T
Entry Personal Name
001 - CONTROL NUMBER
- control field: 98163
003 - CONTROL NUMBER IDENTIFIER
- control field: NUST
005 - DATE AND TIME OF LATEST TRANSACTION
- control field: 20220819084755.0
008 - FIXED-LENGTH DATA ELEMENTS
- fixed length control field: 220819|| aca||aabn | a|a d
040 ## - CATALOGING SOURCE
- Original cataloging agency: NUST
- Transcribing agency: NUST
100 ## - HEADING--PERSONAL NAME
- Personal name: Fertig, Robert T
670 ## - SOURCE DATA FOUND
- Source citation: Work cat.: (NUST)193416: Fertig, Robert T., The software revolution :, c1985.
